Sports Quiz

Random Sports or Baseball Quiz

MLB Network Top 10 Left Fielders Now (Feb. 2011) Quiz Stats

 Plays Quiz not verified by Sporcle

Support Sporcle.
Go Orange.
Score 0/10 Timer 04:00
0 Plays Today
Rank Left Fielder % Correct
4.Carl Crawford
82.2%
1.Ryan Braun
77%
5.Matt Holliday
71.6%
2.Josh Hamilton
61.4%
10.Raul Ibanez
54.3%
3.Carlos Gonzalez
53.5%
8.Jason Bay
53%
9.Carlos Lee
46.8%
6.Delmon Young
31.6%
7.Martin Prado
22.4%

You're not logged in!

Compare scores with friends on all Sporcle quizzes.
OR
Log In

From the Vault

TV Objects

by strokes_static

"Can you tell me how to get to Trivia Street?"
Remove Ads.
Support Sporcle.
Get the best of Sporcle when you Go Orange. This ad-free experience offers more features, more stats, and more fun while also helping to support Sporcle. Thank you for becoming a member.

Show Comments

Extras

Top Quizzes Today


Score Distribution

Your Account Isn't Verified!

In order to create a playlist on Sporcle, you need to verify the email address you used during registration. Go to your Sporcle Settings to finish the process.

Report this User

Report this user for behavior that violates our Community Guidelines.

Details: